Focus (Record no. 78691)

MARC details
000 -LEADER
fixed length control field 01247cab a22002295a 4500
001 - CONTROL NUMBER
control field L137693
008 - FIXED-LENGTH DATA ELEMENTS--GENERAL INFORMATION
fixed length control field 070424e20070421xxkado f 000 0 eng d
035 ## - SYSTEM CONTROL NUMBER
System control number (Sirsi) u137693
041 0# - LANGUAGE CODE
Language code of text/sound track or separate title eng
100 1# - MAIN ENTRY--PERSONAL NAME
Personal name Harris, David
245 00 - TITLE STATEMENT
Title Focus
Remainder of title Sussex and Surrey
490 ## - SERIES STATEMENT
Series statement Estates Gazette
Volume/sequential designation (0716) 21 April 2007, 131-153(13)
520 ## - SUMMARY, ETC.
Summary, etc. Brighton offers a good deal of office space, but over 90% of it is considered of poor quality. Delays with the Croydon Gateway Scheme are affecting development, so the town is missing opportunities for regeneration. Plans to regenerate Crawley are aimed at its retail-centred Boulevard and a residential scheme. It suffers from a lack of office space, while the industrial sector is eyeing both new-builds and changes of use. The Surrey office market is recovering from the IT slump four years ago. Walton-on-Thames and Camberley are looking forward to new retails centres after long delays. Hastings is promised new work and leisure areas.
590 ## - LOCAL NOTE (RLIN)
Local note KA
651 #4 - SUBJECT ADDED ENTRY--GEOGRAPHIC NAME
Geographic name SOUTH EAST
690 ## - LOCAL SUBJECT ADDED ENTRY--TOPICAL TERM (OCLC, RLIN)
Topical term or geographic name as entry element PROPERTY-COMMERCIAL PROPERTY-COMMERCIAL PROPERTY DEVELOPMENT
700 1# - ADDED ENTRY--PERSONAL NAME
Personal name Cunningham, Daniel
700 1# - ADDED ENTRY--PERSONAL NAME
Personal name Cavanagh, Elaine
700 1# - ADDED ENTRY--PERSONAL NAME
Personal name Taylor, Andrew
700 1# - ADDED ENTRY--PERSONAL NAME
Personal name Crawford, David
942 ## - ADDED ENTRY ELEMENTS (KOHA)
Suppress in OPAC 0
Holdings
Withdrawn status Lost status Source of classification or shelving scheme Damaged status Not for loan Home library Current library Shelving location Date acquired Total Checkouts Full call number Barcode Date last seen Copy number Price effective from Koha item type
    Dewey Decimal Classification     London London Journal article 24/04/2007   L137693 137693-1001 06/08/2019 1 06/08/2019 Journal article